• 首页
  • 本馆介绍
  • 公告通知
  • 最新文献
  • 馆藏检索
  • 电子资源
  • 读者导购
  • 参考咨询
  • 我的图书馆
  • 登录
  • 详细信息显示
  • 放入我的书架
  • 预约/预借图书
  • 作者相关作品
  • 分类相关作品
  • 丛书相关作品
  • 出版社相关作品

书目信息

  • 表格格式
  • 工作单格式
  • 卡片格式
题名:
甲壳素
    
 
作者: 蒋挺大
分册:  
出版信息: 北京   化学工业出版社环境科学与工程出版中心  2003
页数: 649
开本: 20cm
丛书名: 资源化技术丛书
单 册:
中图分类: Q539
科图分类:
主题词: 碳水化合物--生物化学
电子资源:
ISBN: 7-5025-3998-0
000 00577nam0 2200205 450
001 0741144344
005 20070817112544.34
010    @a7-5025-3998-0@d¥46.00
100    @a20070817d km y0chiy0120 ea
101 0  @achi
200 1  @a甲壳素@Ajia ke su@f蒋挺大@Fjiang ting da
210    @a北京@c化学工业出版社环境科学与工程出版中心@d2003
215    @a649@d20cm
225 2  @a资源化技术丛书
410  0 @12001 @a资源化技术丛书
606 0  @a碳水化合物@x生物化学
690    @aQ539@v3
701  0 @a蒋挺大@Ajiang ting da
801  0 @aCN@bPFT@c20070817
905    @a213230@dQ539@en1@f1
    
    甲壳素/蒋挺大.-北京:化学工业出版社环境科学与工程出版中心,2003
    649;20cm.-(资源化技术丛书)
    
    
    ISBN 7-5025-3998-0:¥46.00
    
●
相关链接 在E读中查询图书 在五车中查询图书 在当当中查询图书 在豆瓣中查询图书


正题名:甲壳素     索取号:Q539/n1         预约/预借

序号 登录号 条形码 馆藏地/架位号 状态 备注
1 6600207   266002078   生命科学系资料室/ [索取号:Q539/n1] 在馆    
唐山师范学院图书馆 欢迎您!
大连网信软件有限公司© 版权所有